| 000 | 01121nam a22002657a 4500 | ||
|---|---|---|---|
| 005 | 20101206113148.0 | ||
| 008 | 101206t xxu||||| |||| 00| 0 hin d | ||
| 010 | _aHIN-91402 | ||
| 020 |
_c350.00 _a9789350004913 |
||
| 035 | _aHN-63748 | ||
| 037 | _bDBAD/PUB | ||
| 040 |
_aDPL _bHN |
||
| 082 | _a820.92 | ||
| 100 |
_924598 _aशर्मा, विष्णुचन्द्र |
||
| 245 |
_aरामविलास शर्मा का लोकपक्ष / _cविष्णुचन्द्र शर्मा |
||
| 246 |
_aRamvilas sharma ka lokpaksha _bby Vishnuchandra Sharma |
||
| 260 |
_aनई दिल्ली _bवाणी प्रकाशन _c2010 |
||
| 270 |
_bनई दिल्ली _a4695, 21-ए, दरियागंज _e110002 |
||
| 300 |
_a175पृ. _c22सेमी (सजिल्द) |
||
| 650 | _91169 | ||
| 700 | _924599 | ||
| 700 | _924924 | ||
| 942 |
_2ddc _cHN _mशर्मावि |
||
| 999 |
_c49563 _d49563 |
||